<?xml version="1.0" encoding="UTF-8"?>
<record
    xmlns:xsi="http://www.w3.org/2001/XMLSchema-instance"
    xsi:schemaLocation="http://www.loc.gov/MARC21/slim http://www.loc.gov/standards/marcxml/schema/MARC21slim.xsd"
    xmlns="http://www.loc.gov/MARC21/slim">

  <leader>01695nam a22001577a 4500</leader>
  <datafield tag="999" ind1=" " ind2=" ">
    <subfield code="c">516244</subfield>
    <subfield code="d">516244</subfield>
  </datafield>
  <controlfield tag="008">210220b           ||||| |||| 00| 0 eng d</controlfield>
  <datafield tag="100" ind1=" " ind2=" ">
    <subfield code="a">Daminger, Allison</subfield>
    <subfield code="9">24281</subfield>
  </datafield>
  <datafield tag="245" ind1=" " ind2=" ">
    <subfield code="a">De-gendered processes, gendered outcomes: How egalitarian couples make sense of non-egalitarian household practices</subfield>
  </datafield>
  <datafield tag="260" ind1=" " ind2=" ">
    <subfield code="a">American Sociological Review  </subfield>
  </datafield>
  <datafield tag="300" ind1=" " ind2=" ">
    <subfield code="a">85(5), Oct, 2020: p.806-829</subfield>
  </datafield>
  <datafield tag="520" ind1=" " ind2=" ">
    <subfield code="a">Despite widespread support for gender-egalitarianism, men&#x2019;s and women&#x2019;s household labor contributions remain strikingly unequal. This article extends prior research on barriers to equality by closely examining how couples negotiate contradictions between their egalitarian ideals and admittedly non-egalitarian practices. Data from 64 in-depth interviews with members of 32 different-sex, college-educated couples show that respondents distinguish between labor allocation processes and outcomes. When they understand the processes as gender-neutral, they can write off gendered outcomes as the incidental result of necessary compromises made among competing values. Respondents &#x201C;de-gender&#x201D; their allocation process, or decouple it from gender ideology and gendered social forces, by narrowing their temporal horizon to the present moment and deploying an adaptable understanding of constraint that obscures alternative paths. This de-gendering helps prevent spousal conflict, but it may also facilitate behavioral stasis by directing attention away from the inequalities that continue to shape domestic life. - Reproduced 

</subfield>
  </datafield>
  <datafield tag="650" ind1=" " ind2=" ">
    <subfield code="a">Gender, Family, Household labor, Egalitarianism</subfield>
    <subfield code="9">22709</subfield>
  </datafield>
  <datafield tag="773" ind1=" " ind2=" ">
    <subfield code="a">American Sociological Review </subfield>
  </datafield>
  <datafield tag="906" ind1=" " ind2=" ">
    <subfield code="a">HOUSEHOLD LABOUR</subfield>
  </datafield>
  <datafield tag="942" ind1=" " ind2=" ">
    <subfield code="c">AR</subfield>
  </datafield>
  <datafield tag="952" ind1=" " ind2=" ">
    <subfield code="0">0</subfield>
    <subfield code="1">0</subfield>
    <subfield code="2">ddc</subfield>
    <subfield code="4">0</subfield>
    <subfield code="7">0</subfield>
    <subfield code="9">390336</subfield>
    <subfield code="a">IIPA</subfield>
    <subfield code="b">IIPA</subfield>
    <subfield code="d">2021-02-20</subfield>
    <subfield code="h">85(5), Oct, 2020: p.806-829</subfield>
    <subfield code="p">AR124340</subfield>
    <subfield code="r">2021-02-20</subfield>
    <subfield code="y">AR</subfield>
  </datafield>
</record>
